Southville International School and Colleges
Your cart is empty.
  • Cart
  • Lists
    Public lists Eva Luna New books Lux_list list_1
    Your lists Log in to create your own lists
  • Log in to your account
  • Your cookies
  • Search history
Southville International School and Colleges
  • Advanced search
  • Recent comments
  • Most popular
  • Libraries

Log in to your account

Log in with GOOGLE


If you do not have an external account, but do have a local account, you can still log in:

  1. Home
  2. MARC view: Red rover, red rover /
Normal view MARC view ISBD view

Red rover, red rover / (Record no. 19879)

[ view plain ]
MARC details
000 -LEADER
fixed length control field 00393nam a2200157 a 4500
005 - DATE AND TIME OF LATEST TRANSACTION
control field 20140310183202.0
008 - FIXED-LENGTH DATA ELEMENTS--GENERAL INFORMATION
fixed length control field 021220s19uu xx 00 eng d
050 ## - LIBRARY OF CONGRESS CALL NUMBER
Classification number PZ 7
Item number .H586 1988
100 ## - MAIN ENTRY--PERSONAL NAME
Personal name Hess, Joan
245 ## - TITLE STATEMENT
Title Red rover, red rover /
Statement of responsibility, etc Joan Hess.
260 ## - PUBLICATION, DISTRIBUTION, ETC. (IMPRINT)
Place of publication, distribution, etc USA :
Name of publisher, distributor, etc Joan Hess,
Date of publication, distribution, etc 1988.
300 ## - PHYSICAL DESCRIPTION
Extent 155 p. :
Dimensions 18 cm.
650 ## - SUBJECT ADDED ENTRY--TOPICAL TERM
Topical term or geographic name as entry element Fiction
942 ## - ADDED ENTRY ELEMENTS (KOHA)
Koha item type Books
Source of classification or shelving scheme Library of Congress Classification
Holdings
Withdrawn status Lost status Source of classification or shelving scheme Damaged status Home library Current library Shelving location Date acquired Total Checkouts Full call number Barcode Date last seen Copy number Price effective from Koha item type
    Library of Congress Classification   College Library College Library Fiction Section 10/14/2010   PZ 7 .H586 1988 C1440 05/08/2018 1 10/10/2013 Books

Red rover, red rover /

APA

Hess J., . (1988). Red rover, red rover. USA: Joan Hess.

Chicago

Hess Joan, . 1988. Red rover, red rover. USA: Joan Hess.

Harvard

Hess J., . (1988). Red rover, red rover. USA: Joan Hess.

MLA

Hess Joan, . Red rover, red rover. USA: Joan Hess. 1988.

  • Place hold
  • Print
  • Cite
  • Add to your cart (remove)
  • Save record
    BIBTEX Dublin Core MARCXML MARC (non-Unicode/MARC-8) MARC (Unicode/UTF-8) MARC (Unicode/UTF-8, Standard) MODS (XML) RIS
  • More searches
    Search for this title in:
    Other Libraries (WorldCat) Other Databases (Google Scholar) Online Stores (Bookfinder.com) Open Library (openlibrary.org)

Exporting to Dublin Core...

SOUTHVILLE LIBRARY

Southville International School and Colleges Library

1281 Tropical Ave. Cor. Luxembourg St., BF Homes International, Las Pinas City

Tel. No. 8256374 / 252358 Loc. 117/146

Powered by Koha